LIBRARY & INFORMATION CENTRE, KCAET, TAVANUR

ONLINE PUBLIC ACCESS CATALOGUE (OPAC)

Normal view MARC view
  • Slater, Adrian

Entry Personal Name

Number of records used in: 2

001 - CONTROL NUMBER

  • control field: 140

003 - CONTROL NUMBER IDENTIFIER

  • control field: OSt

005 - DATE AND TIME OF LATEST TRANSACTION

  • control field: 20141209155909.0

008 - FIXED-LENGTH DATA ELEMENTS

  • fixed length control field: 141209|| aca||aabn | a|a d

040 ## - CATALOGING SOURCE

  • Original cataloging agency: OSt
  • Transcribing agency: OSt

100 ## - HEADING--PERSONAL NAME

  • Personal name: Slater, Adrian

670 ## - SOURCE DATA FOUND

  • Source citation: Work cat.: (OSt): Slater, Adrian Scott, Nigiel W Fowler, Mark . R, Plant Biotechnology: the genetic manipulation of plants , 2008
free website counter